[Event "World Team-ch 2017"]
[Site "Khanty-Mansyisk"]
[Date "2017.06.23"]
[Round "6"]
[White "Aleksandrov, Aleksej"]
[Black "Salomon, Johan"]
[Result "1/2-1/2"]
[WhiteElo "2565"]
[BlackElo "2501"]
[Annotator "TA"]
[PlyCount "108"]
[EventDate "2017.??.??"]
[EventType "team-tourn"]
[EventCountry "RUS"]
[SourceTitle "playchess.com"]
[Source "ChessBase"]
[SourceQuality "1"]
[WhiteTeam "BLR"]
[BlackTeam "NOR"]
[WhiteTeamCountry "BLR"]
[BlackTeamCountry "NOR"]

{[%evp 10,108,20,6,10,-39,-5,-39,0,-41,-27,-86,-87,-182,-167,-177,-141,-166,-164,-160,-164,-145,-101,-212,-183,-216,-188,-273,-268,-243,-230,-318,-277,-460,-499,-464,-480,-580,-235,-250,-226,-231,-210,-208,-114,-150,-149,-139,-125,-166,-112,-156,-79,-93,-68,-51,-52,-43,-46,-46,-37,-105,-114,-110,-75,-98,-86,-81,-81,-91,-91,-91,-92,-91,-91,-92,-91,-94,-97,-106,-45,-82,-83,-75,-41,-54,-52,-67,-11,-11,-11,-11,-11,-10,-10,-10,-10,-10,-10,-10,-16]} 1. d4 Nf6 2. Nf3 e6 3. Bf4 Be7 4. h3 c5 5. c3 {[%cal Bc2c3,Bc3d4][%mdl 32]} cxd4 6. cxd4 {LiveBook: 3 Games. A46: 1 d4 Nf6 2 Nf3 e6: Torre, London and Colle Systems} Qb6 7. b3 $146 ({Predecessor:} 7. Qc1 Nc6 8. e3 O-O 9. Nc3 d5 10. Be2 Bd7 11. O-O Rfc8 12. Qb1 {½-½ (41) Vaisser,A (2544)-Sokolov,A (2558) Nancy 2013}) 7... Nc6 {[%cal Bb8c6,Bc6d4,Bd4e2][%mdl 32]} 8. e3 O-O 9. Be2 Bb4+ 10. Nfd2 {[#]} (10. Kf1 $11 {remains equal.}) 10... Nxd4 $1 $17 {[%mdl 512]} 11. Be5 (11. Bd3 $17) (11. exd4 Qxd4) 11... Nxe2 $19 12. Bxf6 gxf6 13. Qxe2 d5 14. O-O Bd7 15. Rd1 Bd6 16. Qg4+ (16. Nc3 $17 {is a better defense.}) 16... Kh8 17. Nf3 Rg8 $1 {[%cal Rg8g4]} 18. Qh4 (18. Qd4 $142) 18... Rg6 $1 19. Nbd2 Rag8 20. Kh1 Qd8 (20... Rxg2 21. Qxf6+ R8g7 22. Rg1 $17) 21. Rg1 $2 (21. Ne4 {keeps fighting.} dxe4 22. Rxd6 exf3 23. Rad1) 21... Qf8 22. Qd4 Qh6 23. e4 e5 (23... Bf4 $142 24. Rab1 e5 25. Nxe5 fxe5) 24. Qe3 Qxe3 25. fxe3 Bc5 26. Rae1 Bc6 (26... d4 $19 27. exd4 exd4) 27. exd5 Bxd5 28. Re2 Bc6 29. Rc1 {[#]} Bb4 (29... Bxe3 $1 $19 {[%mdl 512]} 30. Rxe3 Rxg2) 30. e4 Bxd2 (30... Rd8 $142 31. Nc4 Rgg8) 31. Nxd2 $17 f5 32. Nf3 Bxe4 33. Nxe5 R6g7 34. Rc7 h6 35. h4 (35. Nxf7+ $15 Kh7 36. Rd2) 35... f6 ({Much weaker is} 35... Bxg2+ $6 36. Rxg2 $1 {[%mdl 512]} Rxg2 37. Nxf7+ Kh7 38. Ng5+ Kg6 39. Kxg2 $11) ({Reject} 35... Rxg2 $6 36. Nxf7+ Kg7 37. Ng5+ (37. Rxe4 Kf6 $11) 37... Kf8 38. Rxe4 $11) 36. Rxg7 Rxg7 {[%mdl 4096] Endgame KRB-KRN} (36... Kxg7 {keeps more tension.} 37. Nc4 Rd8 38. Kg1 Kg6 39. Kf2 Kh5) 37. Nf3 Kh7 38. Kh2 Kg6 39. Nd4 Rd7 40. Ne6 Kf7 41. Nf4 Rd1 42. Kg3 Ke7 43. Kf2 Kd6 44. Ke3 {[#]} Rh1 (44... b5 $1 $17 45. g3 b4) 45. g3 Rf1 46. Rd2+ Kc6 {And now ...Rf3+ would win.} 47. Nh5 Rf3+ 48. Kd4 Kb5 (48... a5 $15) 49. Nxf6 $11 {The position is equal.} Rxg3 50. Nxe4 {KRN-KR} Rg4 51. Kc3 {Black must now prevent Nd6+.} Rxe4 52. Rd5+ Kc6 53. Rxf5 Rxh4 54. Rf6+ Kc7 {Precision: White = 50%, Black = 60%.} 1/2-1/2

[Event "World Team-ch 2017"]
[Site "Khanty-Mansyisk"]
[Date "2017.06.23"]
[Round "6"]
[White "Urkedal, Frode"]
[Black "Kovalev, Vladislav"]
[Result "0-1"]
[WhiteElo "2541"]
[BlackElo "2641"]
[Annotator "TA"]
[PlyCount "106"]
[EventDate "2017.??.??"]
[EventType "team-tourn"]
[EventCountry "RUS"]
[SourceTitle "playchess.com"]
[Source "ChessBase"]
[SourceQuality "1"]
[WhiteTeam "NOR"]
[BlackTeam "BLR"]
[WhiteTeamCountry "NOR"]
[BlackTeamCountry "BLR"]

{[%evp 17,106,33,66,55,51,43,37,27,28,7,79,83,87,85,79,87,117,20,12,21,25,20,27,8,23,0,0,0,0,0,0,0,0,0,0,0,0,0,0,0,0,0,0,0,0,0,0,0,0,0,0,0,11,12,25,8,8,-8,-8,-8,-8,-8,-8,-8,-8,-8,-8,-406,-406,-406,-406,-804,-797,-816,-797,-754,-723,-684,-675,-5744,-4965,-4770,-1897,-29978,-29979,-29979,-29980,-29982,-29983,-29983,-29983]} 1. d4 Nf6 2. c4 g6 3. Nc3 Bg7 4. e4 d6 5. Nf3 O-O 6. h3 e5 7. d5 Nh5 8. g3 {E90: King's Indian: Classical: Early deviations and 6 h3} Na6 9. Be2 Nc5 {LiveBook: 3 Games} 10. b4 {White is slightly better.} Nd7 11. Bg5 $146 ({Predecessor:} 11. Rb1 a5 12. a3 axb4 13. axb4 h6 14. Nh2 f5 15. exf5 e4 16. Nxe4 {0-1 (31) Belous,V (2557)-Mamedov,R (2650) Minsk 2015}) 11... f6 {[%cal Bf7f6,Bf6f5,Bf5f4,Bf4g3,Bg3f2][%mdl 32]} 12. Bd2 a5 13. a3 axb4 (13... f5 $1 $11 {keeps the balance.}) 14. axb4 $16 Rxa1 15. Qxa1 f5 16. Ng5 {aiming for Ne6.} Nb8 17. Qa8 (17. exf5 $16 {Strongly threatening Ne6.} Bxf5 18. Qa7) 17... f4 $1 $11 {[%cal Rf4g3]} 18. Qxb8 {Hoping for Ne6.} fxg3 19. Bxh5 gxf2+ 20. Ke2 Qf6 (20... Bg4+ $5 21. Bxg4 Qxb8 $14) 21. Rf1 (21. Bf3 $5 {[%cal Rb8c7]} Bh6 22. Rf1 Bxg5 23. Rxf2 Bxd2 24. Kxd2 $16) 21... gxh5 22. Qa7 $1 {[%cal Rf1f2]} h6 23. Rxf2 Qxf2+ 24. Qxf2 Rxf2+ 25. Kxf2 hxg5 26. Bxg5 Bxh3 {[%mdl 4096] Endgame KBB-KBN} 27. Nb5 Kf7 28. Nxc7 Bf8 29. Nb5 Bd7 30. Nc3 Kg6 31. Bd8 Bh6 32. Be7 Bd2 33. Na2 Ba4 $1 {[%cal Ra4b3] Threatens to win with ...Bb3.} 34. Ke2 Bf4 35. Nc3 Bc2 36. Bxd6 {c5 is the strong threat.} h4 37. Bc5 (37. c5 $5 {[%cal Rc5c6]} h3 38. Kf3 $11) 37... h3 38. Bg1 $1 Kf7 39. c5 Ke7 40. b5 {And now b6 would win.} ({Don't go for} 40. c6 $2 bxc6 41. dxc6 h2 $19) 40... h2 {[#]} 41. Bxh2 $1 {[%mdl 512]} Bxh2 42. c6 $2 {[%mdl 8192] [#]} (42. Kf2 $1 $11 Kd7 43. b6) 42... b6 $1 $19 43. Kd2 Bb3 44. Kd3 (44. Nb1 $142 Bg3 45. Na3) 44... Bg3 45. Ne2 Bf2 46. Nc3 Be1 47. Ne2 Ba4 48. Kc4 Bc2 49. Nc1 Bxe4 50. Nd3 Bxd3+ {Black mates.} 51. Kxd3 Bb4 52. Ke4 Bd6 53. Kf5 Kf7 {Precision: White = 54%, Black = 84%.} 0-1

[Event "World Team-ch 2017"]
[Site "Khanty-Mansyisk"]
[Date "2017.06.23"]
[Round "6"]
[White "Dastan, Muhammed Batuhan"]
[Black "Negi, Parimarjan"]
[Result "1/2-1/2"]
[WhiteElo "2519"]
[BlackElo "2670"]
[Annotator "TA"]
[PlyCount "149"]
[EventDate "2017.??.??"]
[EventType "team-tourn"]
[EventCountry "RUS"]
[SourceTitle "playchess.com"]
[Source "ChessBase"]
[SourceQuality "1"]
[WhiteTeam "TUR"]
[BlackTeam "IND"]
[WhiteTeamCountry "TUR"]
[BlackTeamCountry "IND"]

{[%evp 21,149,32,27,29,33,10,9,0,18,1,26,8,14,0,-4,-19,-9,-22,0,-62,0,-52,-32,-34,-42,-39,-35,-41,-24,-33,-31,-53,-54,-79,-65,-82,-69,-61,-10,-17,-18,-20,-20,-26,-27,-40,-30,-46,-36,-87,-32,-76,-75,-103,-109,-95,0,-95,-96,-119,-77,-83,-88,-89,-90,-108,-107,-83,-72,-68,-66,-77,-44,-53,-14,-19,-11,-47,-63,-54,-57,-72,-56,-279,-272,-400,-380,-401,-385,-466,-461,-498,-37,-30,-39,-110,0,0,0,-28,-8,-8,0,0,0,0,65,0,0,0,0,0,0,-18,-20,-67,-67,-62,-8,-8,0,0,0,-8,0,-1,0,0,0,0]} 1. e4 e5 2. Nf3 Nc6 3. Bc4 Nf6 4. d3 Be7 5. O-O O-O 6. Re1 d6 7. a4 Na5 8. Ba2 {C55: Two Knights: 4 d3, 4 d4 exd4 5 e5 and Max Lange Attack} c5 9. Na3 (9. Nbd2 Nc6 10. c3 Be6 11. Bxe6 fxe6 12. b4 cxb4 13. cxb4 Nxb4 14. Qb3 d5 15. Nxe5 Rc8 {0-1 (55) Kramnik,V (2812)-Carlsen,M (2855) Paris 2016}) 9... Nc6 10. c3 h6 11. Bd2 Re8 {LiveBook: 7 Games} 12. Nc2 Bf8 13. b4 cxb4 14. cxb4 Be6 15. Bxe6 Rxe6 {[#]} 16. b5 $146 Ne7 17. Qb1 Ng6 18. Qb3 d5 19. Nb4 {[%cal Rb4d5]} d4 20. a5 (20. Rec1 $11) 20... Rc8 (20... Qd7 $1 $15) 21. a6 (21. Rec1 $11) 21... Bxb4 22. axb7 Rb8 $1 23. Qxb4 Rxb7 24. Reb1 a6 25. Qc4 Qb8 26. b6 Rbxb6 27. Rc1 Qb7 28. Qc8+ Qxc8 29. Rxc8+ Ne8 (29... Re8 $15 30. Rxe8+ Nxe8) 30. Kf1 f6 31. g3 Kf7 32. Ra8 Rec6 33. Ra7+ Ne7 34. Ba5 Rb8 $1 $36 {[%mdl 2048] Black is more active.} 35. Ra4 (35. Ne1 $1 $15) 35... Nd6 (35... Ke6 $17 36. Bb4 Nc7) 36. Bd2 Rbb6 37. Ba5 Rb1+ 38. Be1 Rbb6 {White must now prevent ...Nb5.} 39. Ba5 $1 {[%cal Ra5b6]} Rb7 40. Ra8 Nec8 (40... Rb3 {with more complications.} 41. Ne1 Nb7 42. Bd2 Nc5 43. Rb4 Rc8) 41. Bd2 Ra7 42. Rxa7+ Nxa7 43. Bb4 Nb7 44. Nd2 a5 45. Nc4 Ra6 46. Ra1 Nc6 47. Ba3 a4 48. Rb1 Nba5 {next ...Nxc4 is good for Black.} 49. Nxa5 Nxa5 $11 {[%mdl 4096] Endgame KRB-KRN} 50. Rb4 Nb3 51. Rb7+ Ke8 52. Rxg7 $2 (52. f4 $15) 52... Nd2+ $1 $19 53. Ke2 (53. Ke1 {was called for.} Nb1 54. Bb2) 53... Nb1 $1 54. Bb2 Rb6 $1 {[%cal Rb6b2]} 55. Bc1 a3 56. Ra7 {[#]} Rb2+ $2 (56... a2 $1 $19 {[%mdl 512]} 57. Kd1 (57. Rxa2 Nc3+) 57... Rb3 58. Ra8+ Kf7 59. Ra7+ Kg6 60. Rxa2 Nc3+ 61. Kc2 Nxa2 62. Kxb3 Nxc1+ 63. Kc2 Ne2) 57. Kf3 $15 {White wants to play Rxa3!} Rb3 58. Bxh6 {[#]} Rxd3+ ({Better is} 58... Nc3 $1 $17 59. Ra8+ Kf7 60. Ra7+ Kg8 61. Ra8+ Kh7) 59. Kg4 $11 Rb3 {aiming for ...Nc3.} 60. h4 $1 {[%cal Bh2h4,Bh4h5,Bh5h6,Bh6h7][%mdl 32]} Nc3 {Strongly threatening ...a2.} 61. h5 $1 a2 62. Bd2 $1 {[%cal Rd2c3]} Nxe4 ({Much weaker is} 62... Rb2 $6 63. h6 $16) 63. h6 {White wants to mate with h7.} Rb7 (63... Rb1 $11) 64. Rxa2 ({White should try} 64. Rxb7 $14 a1=Q 65. h7) 64... Kf7 $1 65. h7 Rb8 66. f4 Kg6 67. fxe5 (67. h8=N+ $5 Rxh8 68. f5+ Kh7 69. Ra7+ Kg8 70. Ra8+ Kh7 71. Ra7+ Kg8 72. Ra8+ Kh7 73. Ra7+ $11) 67... fxe5 {Hoping for ...Nf6+.} 68. Ra6+ Kxh7 69. Ba5 Rf8 ({Black should play} 69... Nc5 $15 70. Rd6 Ne4) 70. Re6 {The position is equal.} Nf6+ 71. Kg5 Ne4+ 72. Kg4 Nf2+ 73. Kg5 e4 74. Re7+ Kg8 75. Kg6 {Precision: White = 54%, Black = 61%.} 1/2-1/2

[Event "World Team-ch 2017"]
[Site "Khanty-Mansyisk"]
[Date "2017.06.23"]
[Round "6"]
[White "Elsness, Frode"]
[Black "Fedorov, Alexei"]
[Result "0-1"]
[WhiteElo "2466"]
[BlackElo "2598"]
[Annotator "TA"]
[PlyCount "80"]
[EventDate "2017.??.??"]
[EventType "team-tourn"]
[EventCountry "RUS"]
[SourceTitle "playchess.com"]
[Source "ChessBase"]
[SourceQuality "1"]
[WhiteTeam "NOR"]
[BlackTeam "BLR"]
[WhiteTeamCountry "NOR"]
[BlackTeamCountry "BLR"]

{[%evp 22,80,11,13,43,21,24,22,33,27,15,19,51,-14,-16,-8,27,-5,-19,-6,-18,-19,-10,-136,-135,-157,-150,-141,-119,-149,-30,-35,-19,-35,-31,-63,-40,-92,-102,-91,-71,-103,-78,-85,-93,-89,-71,-73,-69,-106,-120,-166,-185,-564,-556,-552,-480,-29976,-29977,-29975,-29974]} 1. d4 Nf6 2. c4 g6 3. Nc3 Bg7 4. e4 d6 5. Nf3 O-O 6. Be2 c5 7. d5 e6 8. O-O exd5 9. exd5 Re8 10. Bd3 {E91: King's Indian: Classical: 6 Be2, unusual replies including 6...c5 and 6...Bg4} Bg4 11. h3 Bxf3 12. Qxf3 {LiveBook: 15 Games. The position is equal.} Nfd7 (12... Nbd7 13. Qd1 a6 14. Bf4 Qe7 15. Re1 Qf8 16. Qb3 Nh5 17. Bd2 Reb8 {½-½ (45) Khairullin,I (2652)-Aronian,L (2784) Berlin 2015}) 13. Qd1 $146 ({Predecessor:} 13. Bf4 Ne5 14. Qd1 Nbd7 15. Be2 Nxc4 16. Bxc4 Bxc3 17. bxc3 Re4 18. Bxd6 Rxc4 {1-0 (31) Sanikidze,T (2615)-Leon Hoyos,M (2516) Cappelle-la-Grande 2010}) 13... Ne5 14. Be2 f5 15. Re1 Nbd7 {[%cal Bb8d7,Bd7f8,Bf8g6][%mdl 32]} 16. Bd2 g5 17. f4 (17. Qc1 $14) 17... gxf4 $11 18. Bxf4 Nf8 19. Qd2 Nfg6 20. Bg5 Qd7 21. Rf1 Rf8 22. Bh6 (22. Rf2 $11 {remains equal.}) 22... f4 $17 23. Bxg7 Qxg7 24. Kh1 Rae8 25. Rf2 Qh6 (25... Nh4 $17 26. Rg1 Nf5 27. Rxf4 Qh6) 26. Raf1 $11 a6 27. b3 Qh4 28. Bf3 Re7 $1 29. a4 ({White should play} 29. a3 $15) 29... Nxf3 $17 30. Rxf3 Rfe8 31. R3f2 Re3 32. Qc2 Qh5 33. Nd1 Re1 {Strongly threatening ...R8e2.} 34. Kg1 R1e7 35. Qc3 Qg5 36. Qd2 {[#]} Re3 $1 {[%cal Be7e3,Be3h3,Bh3h4,Bh4h3][%mdl 544]} 37. Nc3 $2 ({Wrong is} 37. Nxe3 $2 fxe3 38. Qa2 (38. Rf5 $2 exd2 39. Rxg5 Re1 $19) 38... exf2+ $19) (37. Kh1 Rxb3 38. Qc2) 37... Rxh3 $1 $19 {...Qg3 is the strong threat.} 38. Ne2 {[%cal Re2f4] [#]} Rh4 $1 {And now ...Qh5 would win.} 39. Nxf4 (39. g3 $19 Re3 40. Rf3 Rxf3 41. Rxf3) 39... Qg3 {[%csl Gh4][%cal Rg3h2]} 40. Nh3 Rxh3 $1 {Precision: White = 35%, Black = 72%.} 0-1

[Event "World Team-ch 2017"]
[Site "Khanty-Mansyisk"]
[Date "2017.06.23"]
[Round "6"]
[White "Fawzy, Adham"]
[Black "Akobian, Varuzhan"]
[Result "1/2-1/2"]
[WhiteElo "2418"]
[BlackElo "2673"]
[Annotator "TA"]
[PlyCount "131"]
[EventDate "2017.??.??"]
[EventType "team-tourn"]
[EventCountry "RUS"]
[SourceTitle "playchess.com"]
[Source "ChessBase"]
[SourceQuality "1"]
[WhiteTeam "EGY"]
[BlackTeam "USA"]
[WhiteTeamCountry "EGY"]
[BlackTeamCountry "USA"]

{[%evp 18,131,20,20,17,14,19,14,20,13,18,18,51,22,38,19,64,47,52,41,43,35,41,0,0,0,0,-37,-31,-20,-12,-40,-39,-29,477,473,488,532,524,509,3215,309,433,371,343,376,318,149,285,205,221,216,209,189,260,122,104,0,0,0,89,90,170,0,0,0,0,0,0,0,0,0,16,0,0,0,0,0,0,0,0,0,0,0,0,0,117,117,99,99,600,549,395,110,110,110,110,86,531,531,513,0,0,0,0,0,0,0,0,0,0,0,0,0,0,0]} 1. e4 e6 2. d4 d5 3. Nd2 c5 4. Ngf3 cxd4 5. Nxd4 Nc6 6. Bb5 Bd7 7. Nxc6 bxc6 8. Bd3 Bd6 {C07: French Tarrasch: 3...c5, 4 Ngf3 and 4 exd5 Qxd5} 9. Qe2 Qc7 10. Nf3 {LiveBook: 27 Games} Ne7 (10... dxe4 11. Qxe4 Nf6 12. Qh4 h6 13. O-O Ke7 14. Re1 g5 15. Qc4 c5 16. Be3 {0-1 (31) Navara,D (2725)-Potkin,V (2597) Tallinn 2016}) 11. e5 Bc5 12. c3 $146 ({Predecessor:} 12. O-O Bb6 13. Bd2 c5 14. c4 h6 15. Rac1 a5 16. cxd5 exd5 {1-0 (30) Muzychuk,A (2561)-Muminova,N (2332) Lopota 2014}) 12... a5 13. O-O h6 14. Bf4 Qa7 15. a4 Rb8 16. Rab1 Rb7 17. Qd2 Ng6 18. Bxg6 fxg6 19. b4 Be7 20. Qd3 (20. Be3 $5 {[%cal Re3a7]} Qa6 21. bxa5 $11) 20... Kf7 $1 {[%cal Ra5b4]} 21. Be3 $36 {[%mdl 2048] White is pushing.} Qa8 {[%cal Ra5b4]} 22. b5 cxb5 23. axb5 Rc8 24. Nd4 a4 25. f4 Qa5 $2 {[%mdl 8192] [#]} (25... Rbc7 $1 $11 26. Bd2 a3) 26. f5 $1 $18 {[%mdl 512]} gxf5 {[#]} (26... exf5 27. Nxf5) 27. Nxf5 $1 {[%mdl 512]} exf5 28. Qxd5+ Ke8 (28... Kf8 $142 29. Qxb7 (29. e6 Bc6 $16) 29... Be6) 29. Qxb7 $2 (29. Qg8+ Bf8 30. e6) 29... Qxc3 (29... Qa8 $142 30. Qa6 Kf7 31. Qxa8 Rxa8) 30. Qf3 a3 31. b6 a2 32. Ra1 (32. Rbd1 $18) 32... Be6 (32... Qb3 $16 {is a better defense.} 33. Rad1 g6) 33. Rfc1 Qb3 34. Rxc8+ Bxc8 35. Bd4 Qb1+ {[#]} (35... Qc4 {was necessary.} 36. Qc3 Qxc3 37. Bxc3 Bc5+ 38. Kf1 Bxb6) 36. Qf1 (36. Qd1 $1 $18 {and the rest is easy.} Qe4 37. Rxa2) 36... Qb4 $16 37. Bf2 ({White should try} 37. Qf2 $16) 37... Be6 $11 38. Qc1 Kf7 (38... Qe4 $1 $11 {remains equal.}) 39. Qc2 $16 Bd8 (39... Kg6 $16) 40. Qc5 $2 (40. Rxa2 $18 Bxb6 41. Ra1) 40... Qb1+ $11 41. Qc1 Qb5 42. Qe3 Be7 43. h3 Kg6 44. Qc3 Kh7 (44... Bd8 $5 {[%cal Rd8b6]}) 45. Bd4 Bd8 46. Qc5 Qb1+ 47. Kh2 Bg5 48. Qc6 {Qf3 is the strong threat.} Bf4+ 49. g3 Be3 50. Rxb1 axb1=Q {[%csl Ge3][%cal Rb1g1]} 51. Bxe3 Qa2+ (51... Qd1 $11 52. b7 (52. Qxe6 Qe2+ 53. Bf2 Qxf2+ 54. Kh1 Qf1+ 55. Kh2 Qf2+ 56. Kh1 Qf1+ 57. Kh2 Qf2+ $11) 52... Qe2+ 53. Qg2 Qxg2+ 54. Kxg2 Bd5+ 55. Kf2 Bxb7) 52. Qg2 $16 Qxg2+ 53. Kxg2 {[%mdl 4096] Endgame KB-KB} g5 $2 {[%mdl 8192]} (53... Bd5+ $16 54. Kf2 Kg6) 54. Kf2 $18 {Threatens to win with b7.} Bd5 55. h4 $2 (55. e6 $18 {has better winning chances.} Kg7 56. Bd4+ Kf8 57. Bc5+ Ke8 58. Ke3) 55... Kg6 $16 56. Ke2 Be4 57. Bc1 Bd5 $2 {[%mdl 8192]} (57... f4 $16 {is tougher.}) 58. Kd3 $18 f4 59. Bxf4 $2 (59. hxg5 $18 hxg5 60. Kd4 (60. gxf4 gxf4 61. Kd4 Ba8 $16)) 59... gxf4 $11 {The position is equal.} 60. gxf4 $18 {KB-KP} Kf5 61. Kd4 Bb7 62. Ke3 h5 63. Kd4 Ke6 64. Kc5 Ba8 65. Kc4 Bb7 66. Kd4 {Precision: White = 51%, Black = 44%.} 1/2-1/2

[Event "World Team-ch 2017"]
[Site "Khanty-Mansyisk"]
[Date "2017.06.23"]
[Round "6"]
[White "Farahat, Ali"]
[Black "Xiong, Jeffery"]
[Result "1/2-1/2"]
[WhiteElo "2402"]
[BlackElo "2658"]
[Annotator "TA"]
[PlyCount "41"]
[EventDate "2017.??.??"]
[EventType "team-tourn"]
[EventCountry "RUS"]
[SourceTitle "playchess.com"]
[Source "ChessBase"]
[SourceQuality "1"]
[WhiteTeam "EGY"]
[BlackTeam "USA"]
[WhiteTeamCountry "EGY"]
[BlackTeamCountry "USA"]

{[%evp 19,41,16,28,0,0,0,0,0,0,0,0,0,0,0,0,0,117,50,39,60,46,52,50,45]} 1. e4 c5 2. Nf3 d6 3. Bb5+ Nd7 4. O-O a6 5. Bd3 Ngf6 6. c3 {B51: Sicilian: Moscow Variation (3 Bb5+) without 3...Bd7} (6. Re1 e6 7. c3 b5 8. a4 Bb7 9. Bc2 c4 10. d4 cxd3 11. Qxd3 Nc5 12. Qe2 bxa4 {1-0 (25) Vachier Lagrave,M (2796)-Giri,A (2771) Stavanger 2017}) 6... b5 7. Bc2 Bb7 8. Re1 g6 9. d4 cxd4 10. cxd4 Bg7 {LiveBook: 3 Games} 11. e5 dxe5 12. dxe5 Nd5 13. e6 $146 fxe6 14. Ng5 Nc5 {[#]} 15. Nxh7 $1 {[%mdl 512]} Qd6 {Strongly threatening ...0-0-0.} (15... Rxh7 16. Bxg6+) 16. Bxg6+ Kd7 $1 {And now ...Rag8 would win.} 17. Nd2 Nf6 (17... Nb4 $11 {keeps the balance.}) 18. Nxf6+ (18. Nb3 $16 Nxb3 19. Bf4 Qxd1 20. Raxd1+ Bd5 21. Nxf6+ (21. axb3 Nxh7 22. Bf7 Nf8 $15) 21... Bxf6 22. axb3) 18... Bxf6 $14 {White is slightly better.} ({Don't go for} 18... exf6 $2 19. Nb3 $18) 19. Ne4 Bxe4 20. Qxd6+ exd6 21. Bxe4 1/2-1/2

[Event "World Team-ch 2017"]
[Site "Khanty-Mansyisk"]
[Date "2017.06.24"]
[Round "7"]
[White "Yu, Yangyi"]
[Black "Vitiugov, Nikita"]
[Result "1/2-1/2"]
[WhiteElo "2749"]
[BlackElo "2720"]
[Annotator "TA"]
[PlyCount "111"]
[EventDate "2017.??.??"]
[EventType "team-tourn"]
[EventCountry "RUS"]
[SourceTitle "playchess.com"]
[Source "ChessBase"]
[SourceQuality "1"]
[WhiteTeam "CHN"]
[BlackTeam "RUS"]
[WhiteTeamCountry "CHN"]
[BlackTeamCountry "RUS"]

{[%evp 23,111,0,0,0,0,0,0,0,16,0,0,-12,-12,-12,-12,-12,-12,-12,-14,-22,-16,-27,-21,-30,-22,-18,0,0,0,0,-6,-20,0,0,0,0,0,0,0,-2,0,0,0,-15,0,-15,-15,-15,0,0,0,0,0,0,0,0,0,0,0,0,0,0,0,0,0,0,0,0,0,0,0,0,0,0,0,0,0,0,0,0,0,0,0,0,0,0,0,0,0,0]} 1. e4 e6 2. d4 d5 3. Nc3 Nf6 4. e5 Nfd7 5. f4 c5 6. Nf3 Nc6 7. Be3 a6 8. Qd2 b5 9. dxc5 Bxc5 10. Bd3 {C11: French: Classical System: 4 e5 and 4 Bg5 dxe4} Qb6 11. Bf2 h6 12. O-O (12. a3 O-O 13. O-O Ra7 14. Rae1 b4 15. axb4 Qxb4 16. f5 exf5 17. Bxf5 Nb6 {1-0 (30) Harikrishna,P (2768)-Bluebaum,M (2641) Novi Sad 2016}) 12... O-O {LiveBook: 5 Games} 13. Rae1 {[#]} Ra7 $146 ({Predecessor:} 13... Bxf2+ 14. Rxf2 Nc5 15. a3 Rd8 16. b4 Nxd3 17. Qxd3 Rb8 {1-0 (36) Gascon del Nogal,J (2436)-Bajarani,U (2509) Baku 2016}) 14. f5 {Strongly threatening f6!} Bxf2+ 15. Rxf2 d4 $1 {[%cal Rd4c3]} 16. Ne4 (16. Nxb5 $5 axb5 {[#]} 17. f6 $1 $17 {[%mdl 512]}) 16... exf5 17. Ng3 f6 {[%cal Rd7e5]} 18. e6 Nde5 19. Bxf5 Re7 20. Nxe5 Nxe5 21. Rxe5 fxe5 22. Bh7+ $1 Kxh7 23. Rxf8 {Black must now prevent Qd3+.} Qxe6 {...Bb7 is the strong threat.} 24. Qd3+ $1 {The position is equal.} e4 {[#]} 25. Nxe4 $1 {[%mdl 512]} Qxe4 26. Qxe4+ Rxe4 27. Rxc8 $11 {[%mdl 4096] Endgame KR-KR} Re1+ 28. Kf2 Ra1 29. Ke2 Rxa2 30. b3 Ra1 31. Rc6 h5 32. h4 g6 33. g3 Kh6 34. Kf3 a5 35. Rc5 a4 36. Rxb5 a3 37. Ra5 a2 38. Ke2 Kg7 39. Ra6 Kf7 40. b4 Ke7 41. b5 Kd7 42. Kd2 Kc7 43. Ke2 Kb7 44. Kd2 d3 45. Kc3 dxc2 46. Kxc2 Rg1 47. Rxa2 Rg2+ 48. Kb1 Rxg3 49. Ra6 g5 50. hxg5 Rxg5 51. Rh6 Rxb5+ 52. Kc2 Rd5 53. Kc3 Kc7 (53... h4 $5) 54. Kc4 Ra5 55. Kd4 Kd7 56. Ke4 {Precision: White = 84%, Black = 77%.} 1/2-1/2

[Event "World Team-ch 2017"]
[Site "Khanty-Mansyisk"]
[Date "2017.06.24"]
[Round "7"]
[White "Nepomniachtchi, Ian"]
[Black "Ding, Liren"]
[Result "1/2-1/2"]
[WhiteElo "2732"]
[BlackElo "2783"]
[Annotator "TA"]
[PlyCount "164"]
[EventDate "2017.??.??"]
[EventType "team-tourn"]
[EventCountry "RUS"]
[SourceTitle "playchess.com"]
[Source "ChessBase"]
[SourceQuality "1"]
[WhiteTeam "RUS"]
[BlackTeam "CHN"]
[WhiteTeamCountry "RUS"]
[BlackTeamCountry "CHN"]

{[%evp 33,164,10,20,-20,-21,-24,-21,-28,-25,-18,-10,-25,0,0,0,-27,0,0,0,-25,-18,-18,-18,-25,-18,-25,-25,-24,-4,-4,-4,-6,0,0,0,0,0,0,0,0,0,-6,-3,0,0,0,0,0,4,0,0,0,0,0,23,22,18,16,25,25,24,25,25,24,24,0,0,0,0,0,0,0,0,0,0,0,0,0,0,0,0,0,0,0,0,0,0,0,0,0,0,0,0,0,0,0,0,0,0,0,0,0,0,0,0,0,0,0,0,0,0,0,0,0,0,0,0,-8,0,0,8,8,8,8,8,8,8,8,8,8,8,8,8]} 1. e4 e5 2. Nf3 Nc6 3. d4 exd4 4. Nxd4 Nf6 5. Nxc6 bxc6 6. e5 Qe7 7. Qe2 Nd5 8. c4 Ba6 9. b3 g6 10. g3 Bg7 11. Bb2 O-O 12. Bg2 Rfe8 13. O-O {C45: Scotch Game} Bxe5 14. Qxe5 Qxe5 15. Bxe5 Rxe5 16. cxd5 Bxf1 17. Kxf1 cxd5 {LiveBook: 14 Games} 18. Na3 $146 ({Predecessor:} 18. f4 Re3 19. Bxd5 Rae8 20. Na3 Re2 {0-1 (34) Stockova,Z (2360)-Mazur,S (2468) Slovakia 2016}) 18... c6 19. Nc2 a5 20. Rd1 Kf8 21. Rd4 Ke7 22. Rf4 Rf5 23. Ra4 Kd6 24. Ke2 Re8+ 25. Kf1 Ra8 26. Ne3 Re5 27. Ke2 Kc7 28. Kd2 $1 Kb6 29. Bf1 Re4 30. Ra3 $1 Rae8 31. Bd3 R4e6 32. Ra4 Rf6 33. Ng4 Rf3 34. Be2 Rf5 35. Bd3 Rf3 {[#] White must now prevent ...h5.} 36. Be2 Rf5 37. f4 h5 {[%cal Bh7h5,Bh5h4][%mdl 32]} 38. Ne5 $1 {[%cal Re5d7]} d6 39. Nf3 c5 40. Ng5 d4 41. Bd3 Rf6 42. Be4 {[#]} h4 $1 {[%mdl 512]} 43. Rc4 (43. gxh4 Rxf4) 43... Re7 44. Rc1 d5 45. Bxd5 {Threatens to win with Ne4.} Rf5 46. Bc4 hxg3 47. hxg3 f6 48. Ne6 Rh5 49. Re1 Rh2+ {The position is equal.} 50. Re2 Rxe2+ 51. Kxe2 Kc6 {Hoping for ...Kd6.} 52. g4 Kd6 53. f5 gxf5 54. gxf5 Rh7 55. a4 Rh5 56. Bd3 Rh2+ 57. Ke1 Rh3 58. Kd2 Rh2+ 59. Ke1 Rh3 60. Kd2 Rh2+ 61. Be2 Rf2 62. Nd8 Kc7 63. Ne6+ Kd6 64. Ng7 Rg2 65. Ne8+ Ke5 66. Nc7 Kxf5 {aiming for ...Ke5.} 67. Na6 Ke5 {...Kd6 is the strong threat.} 68. Nxc5 f5 69. Nd3+ Kd6 70. Ke1 Rg1+ 71. Kd2 Rg2 72. Ke1 Rg1+ 73. Bf1 Rg3 74. b4 axb4 {And now ...b3 would win.} 75. Nxb4 Ra3 76. Bb5 Kc5 77. Nd3+ Kb6 78. Ke2 f4 79. Kf3 Ka5 80. Kxf4 Rxa4 81. Bxa4 Kxa4 82. Ke4 Kb5 {Precision: White = 77%, Black = 64%.} 1/2-1/2